Loading...
| Science - Other Science | 0 | 2 | 0 | 1 | 20 | 63 | 86.00 | 0 | 1 |
| Science - Chemistry | 0 | 2 | 0 | 0 | 20 | 97 | 108.50 | 0 | 1 |
| Geography/Current Events | 0 | 1 | 0 | 0 | 10 | 92 | 92.00 | 0 | 0 |
| Mythology | 0 | 1 | 0 | 0 | 10 | 59 | 59.00 | 0 | 1 |
| Literature - American Literature | 0 | 1 | 0 | 0 | 10 | 129 | 129.00 | 0 | 0 |
| History - American History | 0 | 1 | 0 | 0 | 10 | 84 | 84.00 | 0 | 1 |
| Fine Arts - Classical Music | 0 | 1 | 0 | 0 | 10 | 94 | 94.00 | 0 | 0 |
| Social Science | 0 | 1 | 1 | 0 | 5 | 87 | 87.00 | 0 | 1 |
| Literature - World/Other Literature | 0 | 0 | 0 | 0 | 0 | 0.00 | 0 | 0 | |
| Literature - European Literature | 0 | 0 | 0 | 0 | 0 | 0.00 | 0 | 0 | |
| Fine Arts - Other Fine Arts | 0 | 0 | 0 | 0 | 0 | 0.00 | 0 | 0 | |
| Science - Biology | 0 | 0 | 1 | 0 | -5 | 0.00 | 0 | 0 | |
| History - World History | 0 | 0 | 1 | 0 | -5 | 0.00 | 0 | 0 |